Statistics for Страны По Брендам

Click here to take the quiz!

General Stats

  • This quiz has been taken 1 728 times
  • The average score is 15 of 18

Answer Stats

КомпанииСтрана% Correct
Google, Apple, McDonald'sСоединённые Штаты Америки
100%
Tik Tok, Alibaba, XiaomiКитай
99%
Газпром, Яндекс, МагнитРоссия
98%
Mercedes, Adidas, BMWГермания
98%
Gucci, Ferrari, LamborghiniИталия
96%
Yamaha, Nintendo, SonyЯпония
96%
Louis Vuitton, Danon, LacosteФранция
95%
Samsung, Hyundai, LGЮжная Корея
88%
Bentley, BBC, JaguarВеликобритания
83%
Chupa Chups, Zara, Massimo DuttiИспания
82%
Nestle, Milka, RolexШвейцария
82%
Mojang, Spotify, Toca BocaШвеция
81%
Nokia, Rovio, StockmannФинляндия
70%
LEGO, Pandora, Novo NordiskДания
66%
Equinor, Helly Hansen, OperaНорвегия
64%
Tatra, Koh-i-Noor, Skoda AutoЧехия
60%
Swarovski, Raiffeisen Bank, Red BullАвстрия
59%
Koton, Pegasus Airlines, LC WaikikiТурция
51%

Score Distribution

Percentile by Number Answered

Percent of People with Each Score

Your Score History

You have not taken this quiz